Countries ending in “L” - With map - Statistics

General Stats
  • This quiz has been taken 40 times
  • The average score is 3 of 5
Answers on the Map
Answers color-coded by a green-red scale on the quiz's map according to % correct below.
 
Answer Stats
Answer % Correct
Nepal
74%
Brazil
71%
Portugal
65%
Israel
59%
Senegal
59%
No matching quizzes found
Score Distribution
Percent of People with Each Score
Percentile by Number Answered
Your Score History
You have not taken this quiz